<?xml version="1.0" encoding="UTF-8"?>
<record
    xmlns:xsi="http://www.w3.org/2001/XMLSchema-instance"
    xsi:schemaLocation="http://www.loc.gov/MARC21/slim http://www.loc.gov/standards/marcxml/schema/MARC21slim.xsd"
    xmlns="http://www.loc.gov/MARC21/slim">

  <leader>02196cam a22004094a 4500</leader>
  <controlfield tag="001">15470925</controlfield>
  <controlfield tag="003">OSt</controlfield>
  <controlfield tag="005">20150408114146.0</controlfield>
  <controlfield tag="008">080929s2010    njua     b    001 0 eng  </controlfield>
  <datafield tag="010" ind1=" " ind2=" ">
    <subfield code="a">  2008042917</subfield>
  </datafield>
  <datafield tag="016" ind1="7" ind2=" ">
    <subfield code="a">101485651</subfield>
    <subfield code="2">DNLM</subfield>
  </datafield>
  <datafield tag="020" ind1=" " ind2=" ">
    <subfield code="a">9780471676003 (cloth)</subfield>
  </datafield>
  <datafield tag="020" ind1=" " ind2=" ">
    <subfield code="a">0471676004 (cloth)</subfield>
  </datafield>
  <datafield tag="035" ind1=" " ind2=" ">
    <subfield code="a">(OCoLC)ocn259902177</subfield>
  </datafield>
  <datafield tag="040" ind1=" " ind2=" ">
    <subfield code="a">DNLM/DLC</subfield>
    <subfield code="c">DLC</subfield>
    <subfield code="d">NLM</subfield>
    <subfield code="d">C#P</subfield>
    <subfield code="d">BWX</subfield>
    <subfield code="d">YDXCP</subfield>
    <subfield code="d">TSU</subfield>
    <subfield code="d">CDX</subfield>
    <subfield code="d">DLC</subfield>
  </datafield>
  <datafield tag="042" ind1=" " ind2=" ">
    <subfield code="a">pcc</subfield>
  </datafield>
  <datafield tag="050" ind1="0" ind2="0">
    <subfield code="a">R856</subfield>
    <subfield code="b">.M376 2010</subfield>
  </datafield>
  <datafield tag="060" ind1="0" ind2="0">
    <subfield code="a">2009 B-983</subfield>
  </datafield>
  <datafield tag="060" ind1="1" ind2="0">
    <subfield code="a">W 26</subfield>
    <subfield code="b">M4898 2010</subfield>
  </datafield>
  <datafield tag="082" ind1="0" ind2="0">
    <subfield code="a">610.28</subfield>
    <subfield code="2">22</subfield>
    <subfield code="b">MEI</subfield>
  </datafield>
  <datafield tag="245" ind1="0" ind2="0">
    <subfield code="a">Medical instrumentation :</subfield>
    <subfield code="b">application and design /</subfield>
    <subfield code="c">John G. Webster, editor ; contributing authors, John W. Clark, Jr. ... [et al.].</subfield>
  </datafield>
  <datafield tag="250" ind1=" " ind2=" ">
    <subfield code="a">4th ed.</subfield>
  </datafield>
  <datafield tag="260" ind1=" " ind2=" ">
    <subfield code="a">Hoboken, NJ :</subfield>
    <subfield code="b">John Wiley &amp; Sons,</subfield>
    <subfield code="c">c2010.</subfield>
  </datafield>
  <datafield tag="300" ind1=" " ind2=" ">
    <subfield code="a">xix, 713 p. :</subfield>
    <subfield code="b">ill. ;</subfield>
    <subfield code="c">25 cm.</subfield>
  </datafield>
  <datafield tag="504" ind1=" " ind2=" ">
    <subfield code="a">Includes bibliographical references and index.</subfield>
  </datafield>
  <datafield tag="505" ind1="0" ind2=" ">
    <subfield code="a">Basic concepts of medical instrumentation / Walter H. Olson -- Basic sensors and principles / Robert A. Peura and John G. Webster -- Amplifiers and signal processing / John G. Webster -- The origin of biopotentials / John W. Clark, Jr. -- Biopotential electrodes / Michael R. Neuman -- Biopotential amplifiers / Michael R. Neuman -- Blood pressure and sound / Robert A. Peura -- Measurement of flow and volume of blood / John G. Webster -- Measurements of the respiratory system / Frank P. Primiano, Jr. -- Chemical biosensors / Robert A. Peura -- Clinical laboratory instrumentation / Lawrence A. Wheeler -- Medical imaging systems / Melvin P. Siedband -- Therapeutic and prosthetic devices / Michael R. Neuman -- Electrical safety / Walter H. Olson.</subfield>
  </datafield>
  <datafield tag="650" ind1=" " ind2="0">
    <subfield code="a">Medical instruments and apparatus.</subfield>
  </datafield>
  <datafield tag="650" ind1=" " ind2="0">
    <subfield code="a">Physiological apparatus.</subfield>
    <subfield code="9">38591</subfield>
  </datafield>
  <datafield tag="650" ind1="1" ind2="2">
    <subfield code="a">Equipment and Supplies.</subfield>
  </datafield>
  <datafield tag="650" ind1="2" ind2="2">
    <subfield code="a">Biomedical Engineering</subfield>
    <subfield code="x">instrumentation.</subfield>
    <subfield code="9">13511</subfield>
  </datafield>
  <datafield tag="650" ind1="2" ind2="2">
    <subfield code="a">Equipment Design.</subfield>
    <subfield code="9">38592</subfield>
  </datafield>
  <datafield tag="700" ind1="1" ind2=" ">
    <subfield code="a">Webster, John G.,</subfield>
    <subfield code="d">1932-</subfield>
    <subfield code="9">12173</subfield>
  </datafield>
  <datafield tag="700" ind1="1" ind2=" ">
    <subfield code="a">Clark, John W.</subfield>
    <subfield code="q">(John William),</subfield>
    <subfield code="d">1936-</subfield>
    <subfield code="9">38593</subfield>
  </datafield>
  <datafield tag="906" ind1=" " ind2=" ">
    <subfield code="a">7</subfield>
    <subfield code="b">cbc</subfield>
    <subfield code="c">orignew</subfield>
    <subfield code="d">1</subfield>
    <subfield code="e">ecip</subfield>
    <subfield code="f">20</subfield>
    <subfield code="g">y-gencatlg</subfield>
  </datafield>
  <datafield tag="942" ind1=" " ind2=" ">
    <subfield code="2">ddc</subfield>
    <subfield code="c">BOOK</subfield>
  </datafield>
  <datafield tag="999" ind1=" " ind2=" ">
    <subfield code="c">31577</subfield>
    <subfield code="d">266077</subfield>
  </datafield>
  <datafield tag="952" ind1=" " ind2=" ">
    <subfield code="1">0</subfield>
    <subfield code="2">2013-10-29</subfield>
    <subfield code="4">0</subfield>
    <subfield code="7">0</subfield>
    <subfield code="a">610.28 MEI</subfield>
    <subfield code="d">2013-10-29</subfield>
    <subfield code="h">CL</subfield>
    <subfield code="i">00402660</subfield>
    <subfield code="m">CL</subfield>
    <subfield code="q">2015-12-14</subfield>
    <subfield code="r">2015-12-30 00:00:00</subfield>
    <subfield code="t">BOOK</subfield>
    <subfield code="w">ddc</subfield>
    <subfield code="y">1</subfield>
  </datafield>
  <datafield tag="952" ind1=" " ind2=" ">
    <subfield code="1">0</subfield>
    <subfield code="2">2013-10-29</subfield>
    <subfield code="4">0</subfield>
    <subfield code="7">0</subfield>
    <subfield code="a">610.28 MEI</subfield>
    <subfield code="d">2013-10-29</subfield>
    <subfield code="h">CL</subfield>
    <subfield code="i">00402661</subfield>
    <subfield code="m">CL</subfield>
    <subfield code="q">2015-12-14</subfield>
    <subfield code="r">2015-12-30 00:00:00</subfield>
    <subfield code="t">BOOK</subfield>
    <subfield code="w">ddc</subfield>
    <subfield code="y">1</subfield>
  </datafield>
  <datafield tag="952" ind1=" " ind2=" ">
    <subfield code="1">0</subfield>
    <subfield code="2">2013-10-29</subfield>
    <subfield code="4">0</subfield>
    <subfield code="7">0</subfield>
    <subfield code="a">610.28 MEI</subfield>
    <subfield code="d">2013-10-29</subfield>
    <subfield code="h">CL</subfield>
    <subfield code="i">00402662</subfield>
    <subfield code="m">CL</subfield>
    <subfield code="q">2015-12-14</subfield>
    <subfield code="r">2016-01-03 00:00:00</subfield>
    <subfield code="t">BOOK</subfield>
    <subfield code="w">ddc</subfield>
    <subfield code="y">1</subfield>
  </datafield>
  <datafield tag="952" ind1=" " ind2=" ">
    <subfield code="1">0</subfield>
    <subfield code="2">2013-10-29</subfield>
    <subfield code="4">0</subfield>
    <subfield code="7">0</subfield>
    <subfield code="a">610.28 MEI</subfield>
    <subfield code="d">2013-10-29</subfield>
    <subfield code="h">AMF</subfield>
    <subfield code="i">00402663</subfield>
    <subfield code="m">AMF</subfield>
    <subfield code="r">2013-10-29 00:00:00</subfield>
    <subfield code="t">BOOK</subfield>
    <subfield code="w">ddc</subfield>
    <subfield code="y">0</subfield>
  </datafield>
  <datafield tag="952" ind1=" " ind2=" ">
    <subfield code="1">0</subfield>
    <subfield code="2">2013-10-29</subfield>
    <subfield code="4">0</subfield>
    <subfield code="7">0</subfield>
    <subfield code="a">610.28 MEI</subfield>
    <subfield code="d">2013-10-29</subfield>
    <subfield code="h">AMF</subfield>
    <subfield code="i">00402664</subfield>
    <subfield code="m">AMF</subfield>
    <subfield code="o">1</subfield>
    <subfield code="q">2023-01-10</subfield>
    <subfield code="r">2023-01-10 00:00:00</subfield>
    <subfield code="s">2025-01-16</subfield>
    <subfield code="t">BOOK</subfield>
    <subfield code="w">ddc</subfield>
    <subfield code="y">1</subfield>
  </datafield>
  <datafield tag="952" ind1=" " ind2=" ">
    <subfield code="1">0</subfield>
    <subfield code="2">2013-10-29</subfield>
    <subfield code="4">0</subfield>
    <subfield code="7">0</subfield>
    <subfield code="a">610.28 MEI</subfield>
    <subfield code="d">2013-10-29</subfield>
    <subfield code="h">AMF</subfield>
    <subfield code="i">00402665</subfield>
    <subfield code="m">AMF</subfield>
    <subfield code="r">2013-10-29 00:00:00</subfield>
    <subfield code="t">BOOK</subfield>
    <subfield code="w">ddc</subfield>
    <subfield code="y">0</subfield>
  </datafield>
  <datafield tag="952" ind1=" " ind2=" ">
    <subfield code="1">0</subfield>
    <subfield code="2">2015-02-16</subfield>
    <subfield code="4">0</subfield>
    <subfield code="7">0</subfield>
    <subfield code="a">610.28 MEI</subfield>
    <subfield code="d">2015-02-16</subfield>
    <subfield code="h">SZM</subfield>
    <subfield code="i">00136722</subfield>
    <subfield code="m">SZM</subfield>
    <subfield code="r">2015-02-16 00:00:00</subfield>
    <subfield code="t">BOOK</subfield>
    <subfield code="w">ddc</subfield>
    <subfield code="y">0</subfield>
  </datafield>
  <datafield tag="952" ind1=" " ind2=" ">
    <subfield code="1">0</subfield>
    <subfield code="2">2015-02-16</subfield>
    <subfield code="4">0</subfield>
    <subfield code="7">0</subfield>
    <subfield code="a">610.28 MEI</subfield>
    <subfield code="d">2015-02-16</subfield>
    <subfield code="h">SZM</subfield>
    <subfield code="i">00136723</subfield>
    <subfield code="m">SZM</subfield>
    <subfield code="r">2015-02-16 00:00:00</subfield>
    <subfield code="t">BOOK</subfield>
    <subfield code="w">ddc</subfield>
    <subfield code="y">0</subfield>
  </datafield>
</record>
